Elementos de arquitectura italiana en Salamanca (Record no. 177896)

MARC details
000 -LEADER
campo de control de longitud fija 00923nam a22002175i 4500
001 - NÚMERO DE CONTROL
campo de control 177896
003 - IDENTIFICADOR DE NÚMERO DE CONTROL
campo de control ES-MaACL
005 - FECHA Y HORA DE LA ÚLTIMA TRANSACCIÓN
campo de control 20230906220436.0
008 - DATOS DE LONGITUD FIJA--INFORMACIÓN GENERAL
campo de control de longitud fija 110505s1941 sp f |||| | spa d
080 ## - NÚMERO DE LA CLASIFICACIÓN DECIMAL UNIVERSAL
Número de la Clasificación Decimal Universal 72(450)
100 1# - ENTRADA PRINCIPAL--NOMBRE DE PERSONA
Nombre de persona Pérez Fernández, Ricardo.
9 (RLIN) 146383
245 10 - MENCIÓN DEL TÍTULO
Título Elementos de arquitectura italiana en Salamanca
Resto del título : conferencia pronunciada de día 31 de mayo de 1941 en la Sección de Salamanca /
Mención de responsabilidad, etc. por Ricardo Pérez Fernández.
260 ## - PUBLICACIÓN, DISTRIBUCIÓN, ETC.
Lugar de publicación, distribución, etc. Madrid :
Nombre del editor, distribuidor, etc. Istituto Italiano di Cultura in Ispagna,
Fecha de publicación, distribución, etc. 1941.
300 ## - DESCRIPCIÓN FÍSICA
Extensión 15, [6] p. de lám. bl. y n. ;
Dimensiones 25 cm.
490 1# - MENCIÓN DE SERIE
Mención de serie Quaderni dell'Istituto Italiano di Cultura in Spagna ;
Designación de volumen o secuencia 3
650 #4 - PUNTO DE ACCESO ADICIONAL DE MATERIA--TÉRMINO DE MATERIA
Término de materia o nombre geográfico como elemento de entrada Arquitectura italiana-
Subdivisión geográfica España.
9 (RLIN) 146384
710 0# - ENTRADA AGREGADA--NOMBRE DE ENTIDAD CORPORATIVA
Nombre de entidad corporativa o nombre de jurisdicción como elemento de entrada Istituto Italiano di Cultura (Madrid)
9 (RLIN) 5298
830 0# - PUNTO DE ACCESO ADICIONAL DE SERIE-TÍTULO UNIFORME
Título uniforme Quaderni dell'Istituto Italiano di Cultura in Spagna ;
Designación de volumen o secuencia 3
9 (RLIN) 190645
852 ## - LOCALIZACIÓN
Ubicación ES-MaACL
Número de control de estantería 2289-F-9
Encuadernación Olim P-914
Holdings
Estatus retirado Estado de pérdida Estado de daño No para préstamo Colección Biblioteca de origen Biblioteca actual Ubicación en estantería Fecha de adquisición Fuente de adquisición Total de préstamos Signatura topográfica completa Código de barras Visto por última vez Precio de reemplazo Tipo de ítem Koha
        Colección de folletos Biblioteca del Ateneo de Madrid Biblioteca del Ateneo de Madrid Depósito folletos 05/05/2011     2289-F-9 1186884 23/02/2023 23/02/2023 Folleto